000 00579nam a2200229Ia 4500
003 OSt
005 20221007071337.0
006 a|||||r|||| 00| 0
007 ta
008 221006b |||||||| |||| 00| 0 eng d
024 _a20,844
037 _cTextual
040 _aFLL
_cFLL
_beng
041 _2eng
_aeng
082 _aZ3:12, L6
100 _aBromly P.M. Au.
_9688565
245 0 _aFamily law
260 _aLondon
_bButterworths England
_c1976
300 _a683p
_ccm.
942 _hZ3:12, L6
_cTEXL
_2CC
999 _c1143114
_d1143114